| 000 | 00636nam a2200217 i 4500 | ||
|---|---|---|---|
| 001 | bgj | ||
| 245 | 0 | 0 |
_aThe Short Prose Reader / _cedited by Gilbert H. Muller ; Harvey S. Wiener. |
| 250 | _a3rd edition. | ||
| 260 |
_aNew York ; _aSt. Louis : _bMcGraw-Hill Book, _cc. 1985. |
||
| 300 |
_aXXI, 382 pp ; _c21 cm. |
||
| 650 | 9 | _aCollege readers | |
| 650 | 9 |
_aEnglish language _xRhetoric |
|
| 700 | 1 |
_aMULLER, Gilbert H. _c(ed.) |
|
| 700 | 1 |
_aWIENER, Harvey S. _c(ed.) |
|
| 020 | _a0070440123 (pbk) | ||
| 040 | _cBPK | ||
| 041 | _aeng | ||
| 920 | _a0-07-044012-3 (pbk) | ||
| 942 | _cKS | ||
| 008 | s uk f |000 0 eng | ||
| 999 |
_c41280 _d41280 |
||
| 856 |
_uhttp://koha.tu.koszalin.pl/cgi-bin/koha/opac-detail.pl?biblionumber=41280 _yKatalog online BPK |
||